Loading...
| Science - Physics | 0 | 3 | 0 | 0 | 30 | 46 | 59.67 | 1 | 2 | 12.01 | 23.03 |
| Science - Biology | 0 | 3 | 0 | 0 | 30 | 36 | 54.33 | 1 | 1 | 13.21 | 21.21 |
| History - American | 0 | 3 | 1 | 1 | 25 | 57 | 77.33 | 0 | 0 | 7.65 | 4.55 |
| Religion | 0 | 2 | 1 | 1 | 15 | 77 | 87.00 | 0 | 0 | 2.95 | 6.06 |
| Philosophy | 0 | 1 | 0 | 0 | 10 | 79 | 79.00 | 0 | 0 | 3.18 | 9.38 |
| Science - Other | 0 | 1 | 0 | 0 | 10 | 61 | 61.00 | 0 | 0 | 3.71 | 5.30 |
| Fine Arts - Classical Music | 0 | 1 | 0 | 1 | 10 | 106 | 106.00 | 0 | 0 | 0.00 | 1.52 |
| Fine Arts - Other | 0 | 1 | 0 | 0 | 10 | 85 | 85.00 | 0 | 1 | 2.25 | 6.82 |
| History - European | 0 | 1 | 0 | 0 | 10 | 39 | 39.00 | 0 | 0 | 5.78 | 3.79 |
| Mythology | 0 | 1 | 0 | 0 | 10 | 53 | 53.00 | 0 | 1 | 4.67 | 7.58 |
| Fine Arts - Painting and Sculpture | 0 | 0 | 1 | 0 | -5 | 0.00 | 0 | 0 | 0.00 | 0.00 | |
| Social Science | 0 | 0 | 1 | 0 | -5 | 0.00 | 0 | 0 | 0.00 | 0.00 |